000 00328nam a2200133Ia 4500
008 151213s9999 xx 000 0 und d
100 _aLois Potter
245 _aA Practice to Milton
_cLois Potter
260 _aDelhi
_bPerson Education
_c1986
300 _a1897 p.
650 _aEnglish
700 _aLois Potter
999 _c1402
_d1402